MARC

LEADER 00000nas a22000001 4500
001 ssj0008193
003 WaSeSS
005 20200512172242.0
006 m d
007 cr n
008 740405c19619999xnaqr p s 0 a0eng
010 |a  65071268  
016 |a (AMICUS)000000417605 
016 7 |a 014704846  |2 DE-101 
016 7 |a 860472-1  |2 DE-600 
016 7 |a 9891973  |2 DNLM 
016 7 |a SR0092525  |2 DNLM 
016 7 |a 010472142  |2 Uk 
022 |l 0157-6321  |y 0157-6321 
035 |a (WaSeSS)ssj0008193 
040 |a DLC  |b eng  |c OUN  |d COO  |d YUS  |d IUL  |d MUL  |d DLC  |d AIP  |d NST  |d NSD  |d IUL  |d NLM  |d OCLCQ  |d NYP  |d TJC  |d OCLCQ  |d GBVCP  |d OCLCA  |d OCLCQ  |d UKMGB  |d OCLCQ  |d OCLCO  |d OCLCF  |d OCLCO  |d OCL  |d OCLCO  |d OCLCQ  |d FUG  |d NLC  |d AU@  |d OCLCQ  |d HLS  |d WaSeSS 
042 |a pcc  |a nsdp 
043 |a u-at--- 
050 0 0 |a HN841  |b .A88 
060 4 |a 015009862 
210 0 |a Aust. j. soc. issues 
222 0 |a Australian journal of social issues 
245 0 4 |a The Australian journal of social issues  |h [electronic resource]. 
246 1 |i Title reads:  |a Australian journal of social issues : AJSI  |f Autumn 2006- 
246 3 |a AJSI 
260 |a [Sydney] :  |b Committee for Post-graduate Study in Social Work,  |c <1961>-1967. 
260 2 |3 -2013 :  |a [Sydney] :  |b Australian Council of Social Service :  |b Australian Social Policy Association 
260 2 |3 1967-1970:  |a [Sydney] :  |b Australian Council of Social Service :  |b Committee for Post-graduate Study in Social Work 
260 2 |3 1970- :  |a [Sydney] :  |b Australian Council of Social Service 
260 3 |3 2013- :  |a [Sydney] :  |b Australian Social Policy Association 
310 |a Quarterly,  |b 1974- 
321 |a Three times a year,  |b 1969-1973 
321 |a Semiannual,  |b 1961-1968 
362 0 |a v. 1- spring 1961- 
506 |a License restrictions may limit access. 
550 |a Volumes for 1961-spring 1967 published by the Committee for Post-graduate Study in Social Work; jointly with the Australian Council of Social Service, Oct. 1967-Feb. 1970; by the Australian Council of Social Service, July 1970-<unknown> ; jointly by the Australian Council of Social Service and the Australian Social Policy Association, <unknown>-2013 ; and Australian Social Policy Association, 2013-present. 
555 |a Vols. 1-4, 1961-69. 1 v. 
588 |a Latest issue consulted: Vol. 51, no. 3 (2016). 
650 0 |a Social service  |z Australia  |v Periodicals. 
650 7 |a Law enforcement.  |2 aiatsiss 
650 7 |a Politics and Government  |x Social justice.  |2 aiatsiss 
650 7 |a Social conditions.  |2 fast  |0 (OCoLC)fst01919811 
650 7 |a Social service.  |2 fast  |0 (OCoLC)fst01123192 
651 0 |a Australia  |x Social conditions  |v Periodicals. 
651 7 |a Australia.  |2 fast  |0 (OCoLC)fst01204543 
655 0 |a Electronic journals. 
710 2 |a Committee for Post-graduate Study in Social Work. 
710 2 |a Australian Council of Social Service. 
710 2 |a Australian Social Policy Association. 
850 |a DLC  |a DeU  |a InU  |a ViBlbV 
856 4 0 |z Full text available from Research Library: 11/01/2004 to 01/31/2018  |u https://search.proquest.com/publication/49075